sad day Lyrics (FKA twigs) - Statistics

General Stats
  • This quiz has been taken 17 times
  • The average score is 291 of 373
Answer Stats
Answer % Correct
a
93%
a,
93%
day
93%
I
93%
I,
93%
make
93%
sad
93%
you
93%
You
93%
aah
86%
it
86%
it's
86%
It's
86%
love
86%
love?
86%
love)
86%
Make
86%
make
86%
my
86%
wish
86%
Would
86%
aaah
79%
aah
79%
Ah
79%
ah
79%
can
79%
for
79%
on
79%
sure
79%
the
79%
The
79%
when
79%
your
79%
you're
79%
You're
79%
and
71%
And
71%
before
71%
before?
71%
fine
71%
me
71%
of
71%
see,
71%
see
71%
Take
71%
take
71%
Taste
71%
ever
64%
fruit
64%
running
64%
time
64%
to
64%
with
64%
With
64%
are
57%
arms
57%
around
57%
as
57%
can't
57%
Have
57%
in
57%
made
57%
pure
57%
same
57%
try
57%
window
57%
world
57%
all
50%
city
50%
cleanse
50%
embraced
50%
If
50%
imagine
50%
intentions
50%
lie
50%
look
50%
naked
50%
So
50%
then
50%
tried
50%
chance
43%
cry
43%
Every
43%
is
43%
outside
43%
that
43%
things
43%
Everything
36%
just
36%
round
36%
seduce
36%
thee
36%
claim
29%
foolishly
29%
howls
29%
lives
29%
turning
29%
within
29%
work
29%
No matching quizzes found
Score Distribution
Percent of People with Each Score
Percentile by Number Answered
Your Score History
You have not taken this quiz